Statistics for 利根川を渡る鉄道路線

Click here to take the quiz!

General Stats

  • This quiz has been taken 52 times
  • The average score is 8 of 9

Answer Stats

Answer% Correct
常磐線
98%
東北本線
94%
東武伊勢崎線
90%
つくばエクスプレス
88%
東武日光線
86%
両毛線
82%
鹿島線
76%
東北新幹線
75%
上越線
73%

Score Distribution

Percentile by Number Answered

Percent of People with Each Score

Your Score History

You have not taken this quiz